V Užhorodi pro žurnal "Duklja"

Bibliographic Details
Main Author: M-ka (Author)
Format: Article
Language:Slovak
Ukrainian
Subjects:

MARC

LEADER 00000nab a2200000 a 4500
001 vtls000801004
003 SK-MaSNL
005 20260304120959.0
008 250429c2002 xo 0 slo
015 |a SNBRB2002/07-23223 
035 |a CLN000152659 
035 |a urn:nbn:sk:snk-abo5k 
035 |a (urnnbn)urn:nbn:sk:snk:ar-003p12 
035 |a (uuid)e435db25-6ffa-47fe-a6ee-357c5c3db5dd 
040 |a SNKBUCL  |b slo  |c SNKBUCL  |e AACR2 
041 0 |a ukr 
044 |a xo  |c SK 
080 |a 05(437.6=83):061.3  |2 1997 
100 1 |a M-ka  |4 aut  |9 857161 
245 1 0 |a V Užhorodi pro žurnal "Duklja"  |c [avtor] M-ka 
630 0 7 |a Duklja (časopis)  |2 snkbucl  |9 94381 
655 7 |a články z novín a časopisov  |2 snkbucl  |9 267496 
773 0 |t Duklja  |g Roč. 50, č. 2 (2002), s. 48 
850 |a Slovenská národná knižnica 
852 |a Slovenská národná knižnica 
958 |a article27 
958 |a UK 
958 |a SK 
958 |a LX 
958 |a UA 
958 |a OND 
958 |a EUIPO 
992 |a RBX 
999 |c 2882713  |d 2884643